Normal view
MARC view
- Lyde, Lionel W
Entry Personal Name
001 - CONTROL NUMBER
- control field: 112132
003 - CONTROL NUMBER IDENTIFIER
- control field: NUST
005 - DATE AND TIME OF LATEST TRANSACTION
- control field: 20230504135112.0
008 - FIXED-LENGTH DATA ELEMENTS
- fixed length control field: 230504|| aca||aabn | a|a d
040 ## - CATALOGING SOURCE
- Original cataloging agency: NUST
- Transcribing agency: NUST
100 ## - HEADING--PERSONAL NAME
- Personal name: Lyde, Lionel W
670 ## - SOURCE DATA FOUND
- Source citation: Work cat.: (NUST)187589: Lyde, Lionel W, A geography of South America, , 1914
